[Event "WWRR Elo 2018"]
[Site "Wachtebeke"]
[Date "2018.02.14"]
[Round "8"]
[White "Den Hartog, Marijn"]
[Black "Wiley, Tom"]
[Result "1/2-1/2"]
[WhiteElo "2125"]
[BlackElo "2190"]
[Annotator "TA"]
[PlyCount "30"]
[EventDate "2018.??.??"]
[EventCountry "BEL"]
[SourceTitle "playchess.com"]
[Source "ChessBase"]
[SourceQuality "1"]

{[%evp 9,30,40,34,-216,59,-314,48,-351,-340,-360,48,-352,-208,-300,-302,-396,-237,-407,-118,-474,92,-439,78]} 1. e4 {[%cal Be2e4,Be4e5][%mdl 32]} e6 2. d4 d5 3. Nd2 Nc6 4. Ngf3 Nf6 5. e5 Nd7 6. Nc4 $146 {[#] C04: French Tarrasch: 3...Nc6} (6. c3 $14) ({Predecessor:} 6. Bd3 f6 7. Ng5 Ndxe5 8. dxe5 fxg5 9. Qh5+ Kd7 10. Nf3 Nb4 11. Bxg5 Nxd3+ 12. cxd3 Qe8 13. Qh4 Qg6 14. O-O Qxd3 15. Rfd1 {½-½ (25) Kovalev,V (2639)-Stupak,K (2565) Minsk 2018}) 6... Nb6 $2 (6... dxc4 $19 7. Bxc4 Nb6) 7. a3 $2 {[%mdl 8192]} (7. Ne3 $14) 7... Bd7 $2 ({Better is} 7... dxc4 $19 8. Be3 Qd5) 8. Be3 $2 {[%mdl 8192]} (8. Nxb6 $14 {keeps the upper hand.} axb6 9. Bd3) 8... Nxc4 9. Bxc4 Ne7 $2 {[#]} (9... dxc4 $19 10. O-O Ne7) 10. Ng5 $2 {[%mdl 8192]} (10. Bd3 $14 {stays ahead.}) 10... h6 (10... dxc4 $142 11. Qf3 Nf5) 11. Qh5 (11. Nxf7 $142 Kxf7 12. Bd3) 11... g6 $19 ({Not} 11... hxg5 12. Qxh8 dxc4 13. Bxg5 $17) 12. Qh3 Bg7 (12... dxc4 $142 13. Ne4 Bg7) 13. Ne4 $2 (13. Nxf7 Kxf7 14. Bd3) 13... Bc6 $2 ({Much less strong is} 13... dxe4 14. Rd1 $19) (13... dxc4 $19 {and Black stays clearly on top.} 14. c3 Bc6) 14. Nc3 $2 {[%mdl 8192]} (14. Nf6+ $17 {nothing else works.} Bxf6 15. exf6 dxc4 16. fxe7 Qxe7 17. O-O) 14... O-O $2 ({Black should play} 14... dxc4 $19 15. O-O Nf5) 15. Rc1 $2 {[%mdl 8192]} (15. Bd3 $16 {and life is bright.}) 15... a6 $2 {Precision: White =  0%, Black =  6%.} (15... dxc4 $19 16. Rd1 Nf5) 1/2-1/2

[Event "WWRR Elo 2018"]
[Site "Wachtebeke"]
[Date "2018.02.15"]
[Round "9"]
[White "Sinke, Wim"]
[Black "Moens, Patrick"]
[Result "1/2-1/2"]
[WhiteElo "1887"]
[BlackElo "1870"]
[Annotator "NA RC"]
[PlyCount "23"]
[EventDate "2018.??.??"]
[EventCountry "BEL"]
[SourceTitle "playchess.com"]
[Source "ChessBase"]
[SourceQuality "1"]
[TimeControl "40/5400+30:900+30"]

{[%evp 8,23,22,16,18,-26,-33,-27,52,33,53,3,26,-4,-5,-8,16,-133]} 1. g3 {[%emt 0:00:00]} f5 {[%emt 0:01:51]} 2. Bg2 {[%emt 0:00:00]} Nf6 {[%emt 0:00:08]} 3. d4 {[%emt 0:01:04]} g6 {[%emt 0:00:13]} 4. c4 {[%emt 0:00:15]} Bg7 {[%emt 0:00:09]} 5. Nc3 {[%emt 0:00:11]} c6 {[%emt 0:00:08]} 6. e4 {[%emt 0:02:13]} fxe4 {[%emt 0:00:13]} 7. Nxe4 {[%emt 0:00:09]} O-O {[%emt 0:00:32]} (7... Nxe4 $11 8. Bxe4 d5 9. cxd5 cxd5) 8. Nxf6+ {[%emt 0:04:35]} Bxf6 {[%emt 0:00:55]} 9. Bh6 {[%emt 0:00:19]} Qa5+ {[%emt 0:01:49]} 10. Qd2 {[%emt 0:02:27]} Qxd2+ {[%emt 0:00:14]} 11. Kxd2 {[%emt 0:00:05]} Re8 {[%emt 0:02:35]} 12. Ke1 $17 {[%emt 1:24:42]} (12. Be3 $11) 1/2-1/2